000 00882nam a2200241Ia 4500
003 OSt
005 20220923225540.0
006 a|||||r|||| 00| 0
007 ta
008 220922b |||||||| |||| 00| 0 mal d
024 _a270,918
037 _cTextual
040 _aARTS
_cARTS
_bmal
041 _2mal
_amal
082 _aO32,1x, 152L3.1
100 _aअय्यर, एन ई विश्वनाथ
245 0 _aमलयालम काव्य धारा
_b प्राचीन खण्ड
246 _aMalayālam kāvya dhārā: prāchīn khaṇḍa
260 _aकोचिन
_b कोचिन विश्वविद्यालय
_c1973
650 _aमलयालम साहित्य
_9156264
942 _hO32,1x, 152L3.1
_cTEXL
_2CC
999 _c379017
_d379017